Quizzes
Events
Quiz Creation
Community
Videos
Private Events
Remove Ads
Sign In
Join for FREE
Feedback
Dark Mode
Quiz Categories
Sports
Geography
Music
Movies
Television
Just For Fun
Miscellaneous
History
Literature
Language
Science
Gaming
Entertainment
Religion
Holiday
For Kids
Quiz Lab
Recent
Popular Today
Quiz Kudos Today
Editor Picks
Curator Picks
Quizzes by...
Day
Popularity
Type
Ratings
Length
Year
Community
Subscriptions
Recent Discussions
Orange Saloon
Badges
Playlists
Quests
Create
Leaderboards
Showdown
Live 5
Trivia Bingo
Activity
Puzzle Library
Sporcle Events
Private Events
Virtual Trivia
Globe League
Become a Host
Pub Owners
SporcleCon
Opinionation
Our Games
Videos
Blog
Mobile Apps
Partnerships
Remove Ads and Go Orange
Feedback
History
US Presidents
World Leaders
Politics
Nation
Discovery
War
Decade
Year
Century
Biography
Art
History
US Presidents
World Leaders
Politics
Nation
Discovery
War
Decade
Year
Century
Biography
Art
Random Quiz
Search Sporcle
×
Quiz Lab
Quiz Lab
History
Population
Type in answers that appear in a list
Type in answers that appear in a list
Classic
Best Score? Go Orange.
Largest Cities Through History Stats
Can you name the 10 largest cities by population in the world at each point in history?
By
BladeSword122
10m
70 Questions
5,662 Plays
5,662 Plays
5,662 Plays
Comments
Comments
Give Quiz Kudos
Give Quiz Kudos
-
- Ratings
hide this ad
Replay
Link that replays current quiz
Next Quiz
Link to next quiz in quiz playlist
You Got
0%
They Got
Avg Score
64%
Avg Friend Score
Upgrade to see
Score Distribution
Jump to the score distribution portion of the page
Score
0/70
Timer
10:00
1
Play Today
Year
City
% Correct
1800
London
98%
1900
London
98%
1950
London
98%
1900
New York
97.6%
1950
New York
97.6%
2013
New York
97.6%
100
Rome
97.3%
1800
Edo
97%
1900
Tokyo
96.8%
1950
Tokyo
96.8%
2013
Tokyo
96.8%
1500
Paris
96.4%
1800
Paris
96.4%
1900
Paris
96.4%
1950
Paris
96.4%
1500
Beijing
95.4%
1800
Beijing
95.4%
1000
Constantinople
90.6%
1500
Constantinople
90.6%
1800
Constantinople
90.6%
1950
Shanghai
89.7%
2013
Shanghai
89.7%
2013
Mexico City
88.1%
1950
Moscow
87.7%
1000
Cairo
87.6%
1500
Cairo
87.6%
1900
Berlin
87.4%
2013
Mumbai
84.8%
2013
Delhi
78.9%
1500
Tenochtitlan
76.1%
1900
Chicago
74.9%
1950
Chicago
74.9%
2013
Sao Paulo
73.8%
100
Alexandria
73.4%
2013
Seoul
73.2%
Year
City
% Correct
2013
Osaka
72.7%
1000
Baghdad
70.3%
2013
Jakarta
69.9%
1900
St Petersburg
67.5%
1950
Calcutta
65.2%
1800
Osaka
62.4%
1950
Buenos Aires
60.4%
1900
Vienna
60.3%
1500
Guangzhou
58.9%
1800
Guangzhou
58.9%
1800
Naples
58.5%
1900
Philadelphia
53%
1000
Kyoto
47.5%
1800
Kyoto
47.5%
1900
Manchester
47.1%
100
Carthage
42.5%
1000
Cordova
39.7%
1500
Hangzhou
27.8%
1800
Hangzhou
27.8%
100
Antioch
22.9%
1950
Ruhr
20.8%
1000
Kaifeng
16.5%
1500
Tabriz
14.8%
100
Luoyang
14.6%
1000
Angkor
13.9%
100
Smyrna
13.1%
1500
Vijayanagar
13%
100
Suzhou
12.2%
100
Seleucia
11.5%
1500
Gaur
10.8%
100
Peshawar
9.3%
1000
Nishapur
8%
1000
Al-Hasa
7.9%
1000
Patan
7.9%
100
Anuradhapura
7.6%
Quiz Playlist
Details
Report
Send in Message
Add To Playlist
Classic:
Type in answers that appear in a list
Quiz Source
Last Updated: Apr 6, 2017
Quiz Scoreboard
CHALLENGE
Sign Up to Join the Scoreboard
Show All
Scores
Hide
Comments
May contain spoilers
Recently Published
Movies - When Are They Set?
by FPL_Elf
Movies
5m
Popular People in 1961
by mucciniale
History
6m
1-10 Letter E Words III
by El_Dandy
Language
2m
More to Explore
Quiz From the Vault
Featured Blog Post
Where Did the Easter Bunny Come From?
hide this ad
You Might Also Like...
Tags
City Quiz
Population Quiz
largest
past
Population Growth
Today's Top Quizzes in History
Browse History
hide this ad
Today's Top Quizzes in Population
Browse Population
Top Contributed Quizzes in History
1
Popular People in 1991
2
Popular People in 1981
3
Popular People in 1951
4
Popular People in 1941
5
Popular People in 1986
6
Popular People in 1921
7
Popular People in 1976
8
I Am Born On March 28th
9
Popular People in 1946
10
Popular People in 1936
Explore More
Trending Topics
Disney
Kpop
Harry Potter
Crossword
NBA
Anime
Marvel
Country
The Office
Pokémon
Puzzle
WWE
Song
Soccer
NFL
hide this ad
More By:
BladeSword122
Quiz
Plays
Rating
Category
Featured
Created
Largest Cities Through History
5,662
4.33
History
Aug 29, 2012
Most Populous Countries Through History
4,140
4.12
Geography
Jul 15, 2013
Male Tennis Open Era Grand Slam (Major) Winners
4,032
4.63
Sports
Jul 14, 2013
How I Met Your Mother or Big Bang Theory Characters
3,976
4.70
Television
Dec 4, 2014
Single Handed Backhands in ATP Top 100
2,810
4.75
Sports
Feb 3, 2015
Go to Creator's Profile
Score Distribution
Quiz Creator Spotlight
BladeSword122
Follow
Send a Message
Quizzes Created
-
Created Quiz Play Count
-
More By This Creator
Popular Quizzes Today
1
Find the US States - No Outlines Minefield
2
Find the Countries of Europe - No Outlines Minefield
3
The Countries of the World
4
Popular People in 1961
5
1-10 Letter E Words III
6
US States
7
Find the US States
8
One Thing in Common: World Cities II
More History Quizzes
Countries by 1960 Leaders
Published
Trending Quizzes
Risky Map Clicking: Least Populous States A-Z
1-10 Letter F Words
1-10 Letter G Words
One Thing in Common: United Kingdom
Risky Map Clicking: Next State Alphabetically
Recently Updated
Leaping Animals
pecheneg
Reality TV Shows (A-Z)
bhenderson79
Rickey Henderson's Hall of Fame Teammates
pecheneg
Champions League XIs: Arsenal
pecheneg
Quick Pick: Celebrities in WWE's Hall of Fame
aduchscher
A-Z Keypad Blitz II
pecheneg
Multiple Oscar Actors
pecheneg
Mystery Phrase Blitz: Oscar 'Best Actors'
pecheneg
F. Scott Fitzgerald Novels
LTH
Pick 3 Villains
ddd62291
Trending Topics
NBA
Anime
Disney
Kpop
Crossword
Harry Potter
Marvel
The Office
WWE
Puzzle
Soccer
NFL
Pokémon
Country
Song
Your Account Isn't Verified!
In order to create a playlist on Sporcle, you need to verify the email address you used during registration. Go to your
Sporcle Settings
to finish the process.
Report this User
Report this user for behavior that violates our
Community Guidelines
.
Details:
Send Report
Go to the Sporcle.com Mobile Site →
Comments